| 000 | 00376nam a2200145Ia 4500 | ||
|---|---|---|---|
| 008 | 230312s9999||||xx |||||||||||||| ||und|| | ||
| 082 |
_a347 _bSHE-B |
||
| 100 | _aShervani Rehan aziz | ||
| 245 | 0 | _a99 Lectures on Business Law | |
| 260 |
_bRehan _aLahore _c2009 |
||
| 300 | _a391 | ||
| 546 | _aEng. | ||
| 650 |
_aEconomics _vOffer and acceptance.Legal Relationship |
||
| 942 | _cBK | ||
| 999 |
_c2288 _d2288 |
||